000 00427nam a2200181Ia 4500
001 4063
005 20260306145728.0
008 260306t2002||||xx |||||||||||||| ||spa||
041 _aESP
082 _a306.85
_bH12 Nº 26
100 _aTorres Moliner, Isabel
_eAUT
245 0 _aTu hija de 8 a 9 años
260 _c2002
300 _a242 páginas :
_c19 cm.
650 _aGEN
654 _aCED
942 _cLIB
_dJUS
_fJUS
_2ddc
_n
999 _c4063
_d4063